000 00924nac a22002051u 4500
008 101222s1992 xxu||||| |||| 00| 0 ara d
020 _a9770510821
082 _a616.8914
_bع ك ا
100 1 _aعكاشه ، أحمد
_914213
245 _aالطب النفسي المعاصر /
_cأحمد عكاشه
250 _bط مزيدة ،منقحة
260 _aالقاهرة :
_bمكتبة الأنجلو المصرية ،1992
_c1992.
300 _a826 ص ؛
_c20 سم.
504 _aيشتمل على ببليوجرافية ص 813-826
650 _aالأمراض النفسية
_921643
650 _aالعقل ، اضطرابات
_921961
650 _aالطب النفسى
_914219
942 _cBB
_k616.8914 ع ك ا
_2ddc
999 _c6804
_d6804